|
|
|
|
| LEADER |
00000nab a2200000 a 4500 |
| 001 |
vtls008957345 |
| 003 |
SK-MaSNL |
| 005 |
20260303070952.0 |
| 008 |
070320c20070317xo drz 0 0slo |
| 038 |
|
|
|a KEVKJB
|
| 040 |
|
|
|a KEVKJB
|b slo
|c KEVKJB
|e AACR2
|
| 041 |
0 |
|
|a slo
|
| 044 |
|
|
|a xo
|c SK
|
| 080 |
|
|
|a 353.9
|2 2001
|
| 100 |
1 |
|
|a Kizek, Marián
|4 aut
|9 877271
|
| 245 |
1 |
0 |
|a Zmenili pravidlá predaja krajského majetku
|b M. Boritáš chce, aby sa majetok v meste Košice predával na základe zrušených pravidiel z KSK
|c Marián Kizek
|
| 300 |
|
|
|b Fotogr.
|
| 650 |
0 |
7 |
|a predaj majetku
|2 kevkjb
|9 974739
|
| 651 |
|
7 |
|a Košice (Slovensko)
|2 kevkjb
|9 18694
|
| 651 |
|
7 |
|a Košický samosprávny kraj (Slovensko)
|2 kevkjb
|9 195425
|
| 773 |
0 |
|
|t Košický denník Korzár
|g Roč. X, č. 64 (17.3.2007), s. 3
|x 1335-4566
|
| 852 |
|
|
|a KEVKJB
|b KIS3GCP
|
| 856 |
4 |
1 |
|u www.korzar.sk
|
| 999 |
|
|
|c 1757747
|d 1759677
|